000 00792nam a2200253Ia 4500
003 OSt
005 20220928123318.0
006 a|||||r|||| 00| 0
007 ta
008 220927b |||||||| |||| 00| 0 eng d
020 _c790
024 _a127877
037 _b147, 31/12/2015, Excel Book International
_cTextual
040 _aSDCL
_cSDCL
_beng
041 _2eng
_aeng
082 _aD6,8(B), Q3;1-2
100 _aJamsa Kris
_9461049
245 0 _aCloud computing
_b Saas,Paas,laas,virtualization,busuness models,mobile,security and more
260 _aNew Delhi
_bJones and Bartlett
_c2014
300 _axix;322p.
_ccm.
650 _aI I C
942 _hD6,8(B), Q3;1-2
_cTEXL
_2CC
999 _c774126
_d774126